Caricamento...
Sameekshanam /
| Autore principale: | |
|---|---|
| Natura: | Printed Book |
| Lingua: | Malayalam |
| Pubblicazione: |
Kottayam :
S.P.C.S. ,
1981.
|
| Soggetti: |
| LEADER | 00506nam a2200157Ia 4500 | ||
|---|---|---|---|
| 008 | 150624b xxu||||| |||| 00| | mal d | ||
| 999 | |c 81700 |d 81700 | ||
| 082 | |a 854.636 | ||
| 100 | |a Basheer, M. M. | ||
| 245 | |c M. M. Basheer |a Sameekshanam / | ||
| 260 | |a Kottayam : |b S.P.C.S. , |c 1981. | ||
| 300 | |a 119 p. |c 16cm | ||
| 546 | |a In Malayalam. | ||
| 650 | |a Malayalam |v Essays | ||
| 942 | |c BK | ||
| 952 | |0 0 |1 0 |4 0 |6 854_636000000000000_SAM_M |7 0 |9 81644 |a UL |b UL |c ST2 |d 1998-09-15 |l 1 |o 854.636 SAM M |p 61297 |r 2014-08-13 |s 2014-04-01 |y BK | ||